000
00302nam a22001337a 4500
008
170926b xxu||||| |||| 00| 0 eng d
020
_a
9780226075129
041
_a
eng
080
_a
37
100
_a
46
101
_a
EDU
245
_a
THE CHICAGO HANDBOOK FOR TEACHERS
_c
BRINKLEY,A
942
_2
udc
_c
BK
999
_c
29850
_d
29850